000 00501nam a2200193Ia 4500
005 20250326142504.0
008 250326s9999 xx 000 0 und d
037 _aTextbook
040 _aFMSL
_beng
_cFMSL
041 _aeng
_2eng
084 _qFMSL
100 _aBhatia B S
_9473015
245 0 _aStudies in HRD, HRD Practice
_cBhatia B S And Others
260 _aNew Delhi
_bNew Delhi, Deep & Deep
_c1997
300 _a320p
490 _vVol.2
942 _cTB
999 _c1295271
_d1295271